<?xml version="1.0" encoding="UTF-8"?>
<record
    xmlns:xsi="http://www.w3.org/2001/XMLSchema-instance"
    xsi:schemaLocation="http://www.loc.gov/MARC21/slim http://www.loc.gov/standards/marcxml/schema/MARC21slim.xsd"
    xmlns="http://www.loc.gov/MARC21/slim">

  <leader>02202nam a22002537a 4500</leader>
  <controlfield tag="003">Uzh_bibl</controlfield>
  <controlfield tag="008">260507b        |||||||| |||| 00| 0 ukr d</controlfield>
  <datafield tag="020" ind1=" " ind2=" ">
    <subfield code="a">978-617-7013-16-6</subfield>
    <subfield code="c">34.65</subfield>
  </datafield>
  <datafield tag="040" ind1=" " ind2=" ">
    <subfield code="b">&#x443;&#x43A;&#x440;.</subfield>
  </datafield>
  <datafield tag="041" ind1=" " ind2=" ">
    <subfield code="2">ukr</subfield>
    <subfield code="a">ukr</subfield>
  </datafield>
  <datafield tag="080" ind1=" " ind2=" ">
    <subfield code="a">821(477)</subfield>
  </datafield>
  <datafield tag="090" ind1=" " ind2=" ">
    <subfield code="a">821(477)</subfield>
    <subfield code="b">&#x427; 42</subfield>
  </datafield>
  <datafield tag="100" ind1=" " ind2=" ">
    <subfield code="a">&#x427;&#x435;&#x43C;&#x435;&#x440;&#x438;&#x441;,&#x412;&#x430;&#x43B;&#x435;&#x43D;&#x442;&#x438;&#x43D;</subfield>
  </datafield>
  <datafield tag="245" ind1=" " ind2=" ">
    <subfield code="a">&#x413;&#x435;&#x43D;&#x435;&#x440;&#x430;&#x43B;&#x438; &#x406;&#x43C;&#x43F;&#x435;&#x440;&#x456;&#x457;</subfield>
    <subfield code="h">&#x422;&#x435;&#x43A;&#x441;&#x442;</subfield>
  </datafield>
  <datafield tag="260" ind1=" " ind2=" ">
    <subfield code="a">&#x425;&#x430;&#x440;&#x43A;&#x456;&#x432;</subfield>
    <subfield code="b">&#x422;&#x41E;&#x412; "&#x411;&#x456;&#x431;&#x43A;&#x43E;&#x43B;&#x435;&#x43A;&#x442;&#x43E;&#x440;"</subfield>
    <subfield code="c">2013</subfield>
  </datafield>
  <datafield tag="300" ind1=" " ind2=" ">
    <subfield code="a">380 &#x441;.</subfield>
    <subfield code="f">&#x412; &#x43E;&#x43F;&#x440;.</subfield>
  </datafield>
  <datafield tag="520" ind1=" " ind2=" ">
    <subfield code="a">&#x41F;&#x435;&#x442;&#x440;&#x43E; &#x414;&#x43E;&#x440;&#x43E;&#x444;&#x456;&#x439;&#x43E;&#x432;&#x438;&#x447; &#x414;&#x43E;&#x440;&#x43E;&#x448;&#x435;&#x43D;&#x43A;&#x43E; &#x456; &#x41A;&#x430;&#x440;&#x43B; &#x413;&#x443;&#x441;&#x442;&#x430;&#x432; &#x415;&#x43C;&#x456;&#x43B;&#x44C; &#x41C;&#x430;&#x43D;&#x43D;&#x435;&#x440;&#x433;&#x435;&#x439;&#x43C;... &#x429;&#x43E; &#x441;&#x43F;&#x456;&#x43B;&#x44C;&#x43D;&#x43E;&#x433;&#x43E; &#x43C;&#x456;&#x436; &#x43D;&#x438;&#x43C;&#x438;, &#x447;&#x43E;&#x43C;&#x443; &#x432;&#x456;&#x434;&#x43E;&#x43C;&#x438;&#x439; &#x443;&#x43A;&#x440;&#x430;&#x457;&#x43D;&#x441;&#x44C;&#x43A;&#x438;&#x439; &#x43F;&#x438;&#x441;&#x44C;&#x43C;&#x435;&#x43D;&#x43D;&#x438;&#x43A; &#x412;&#x430;&#x43B;&#x435;&#x43D;&#x442;&#x438;&#x43D; &#x427;&#x435;&#x43C;&#x435;&#x440;&#x438;&#x441; &#x437;&#x2019;&#x454;&#x434;&#x43D;&#x430;&#x432; &#x440;&#x43E;&#x437;&#x43F;&#x43E;&#x432;&#x456;&#x434;&#x44C; &#x43F;&#x440;&#x43E; &#x434;&#x43E;&#x43B;&#x44E; &#x446;&#x438;&#x445; &#x434;&#x432;&#x43E;&#x445; &#x456;&#x441;&#x442;&#x43E;&#x440;&#x438;&#x447;&#x43D;&#x438;&#x445; &#x43F;&#x43E;&#x441;&#x442;&#x430;&#x442;&#x435;&#x439; &#x443; &#x43E;&#x434;&#x43D;&#x443; &#x43A;&#x43D;&#x438;&#x436;&#x43A;&#x443;? &#x41E;&#x434;&#x438;&#x43D; &#x436;&#x438;&#x432; &#x443; XVII &#x441;&#x442;&#x43E;&#x43B;&#x456;&#x442;&#x442;&#x456;, &#x430; &#x434;&#x440;&#x443;&#x433;&#x438;&#x439; &#x431;&#x456;&#x43B;&#x44C;&#x448; &#x43D;&#x456;&#x436; &#x43D;&#x430; &#x434;&#x432;&#x430; &#x441;&#x442;&#x43E;&#x43B;&#x456;&#x442;&#x442;&#x44F; &#x43F;&#x456;&#x437;&#x43D;&#x456;&#x448;&#x435;, &#x43E;&#x434;&#x438;&#x43D; &#x431;&#x443;&#x432; &#x443;&#x43A;&#x440;&#x430;&#x457;&#x43D;&#x446;&#x435;&#x43C;, &#x430; &#x434;&#x440;&#x443;&#x433;&#x438;&#x439; &#x2013; &#x444;&#x456;&#x43D;&#x43E;&#x43C;. &#x410;&#x43B;&#x435; &#x44F;&#x43A;&#x449;&#x43E; &#x43F;&#x440;&#x438;&#x434;&#x438;&#x432;&#x438;&#x442;&#x438;&#x441;&#x44F; &#x443;&#x432;&#x430;&#x436;&#x43D;&#x456;&#x448;&#x435;, &#x442;&#x43E; &#x441;&#x43F;&#x456;&#x43B;&#x44C;&#x43D;&#x43E;&#x433;&#x43E; &#x443; &#x443;&#x43A;&#x440;&#x430;&#x457;&#x43D;&#x441;&#x44C;&#x43A;&#x43E;&#x433;&#x43E; &#x433;&#x435;&#x442;&#x44C;&#x43C;&#x430;&#x43D;&#x430; &#x442;&#x430; &#x43D;&#x430;&#x446;&#x456;&#x43E;&#x43D;&#x430;&#x43B;&#x44C;&#x43D;&#x43E;&#x433;&#x43E; &#x433;&#x435;&#x440;&#x43E;&#x44F; &#x444;&#x456;&#x43D;&#x456;&#x432; &#x431;&#x430;&#x433;&#x430;&#x442;&#x43E;. &#x412;&#x43E;&#x43D;&#x438; &#x43F;&#x435;&#x432;&#x43D;&#x438;&#x439; &#x447;&#x430;&#x441; &#x441;&#x43B;&#x443;&#x436;&#x438;&#x43B;&#x438; &#x456;&#x43C;&#x43F;&#x435;&#x440;&#x456;&#x457;, &#x432;&#x43E;&#x43D;&#x438; &#x43E;&#x431;&#x438;&#x434;&#x432;&#x430; &#x434;&#x43E;&#x43C;&#x43E;&#x433;&#x43B;&#x438;&#x441;&#x44F; &#x432;&#x438;&#x441;&#x43E;&#x43A;&#x438;&#x445; &#x447;&#x438;&#x43D;&#x456;&#x432; &#x443; &#x43D;&#x435;&#x457;. &#x410;&#x43B;&#x435; &#x456; &#x443; &#x414;&#x43E;&#x440;&#x43E;&#x448;&#x435;&#x43D;&#x43A;&#x43E;, &#x456; &#x443; &#x41C;&#x430;&#x43D;&#x43D;&#x435;&#x440;&#x433;&#x435;&#x439;&#x43C;&#x430; &#x431;&#x443;&#x43B;&#x43E; &#x432; &#x441;&#x435;&#x440;&#x446;&#x456; &#x449;&#x43E;&#x441;&#x44C;, &#x43F;&#x435;&#x440;&#x435;&#x434; &#x447;&#x438;&#x43C; &#x43D;&#x435; &#x441;&#x43F;&#x440;&#x43E;&#x43C;&#x43E;&#x436;&#x43D;&#x456; &#x432;&#x441;&#x442;&#x43E;&#x44F;&#x442;&#x438; &#x430;&#x43D;&#x456; &#x447;&#x438;&#x43D;&#x438;, &#x430;&#x43D;&#x456; &#x456;&#x43C;&#x43F;&#x435;&#x440;&#x456;&#x457;. &#x426;&#x435; &#xAB;&#x449;&#x43E;&#x441;&#x44C;&#xBB; &#x2013; &#x43B;&#x44E;&#x431;&#x43E;&#x432; &#x434;&#x43E; &#x431;&#x430;&#x442;&#x44C;&#x43A;&#x456;&#x432;&#x449;&#x438;&#x43D;&#x438;. &#x421;&#x430;&#x43C;&#x435; &#x437;&#x430;&#x440;&#x430;&#x434;&#x438; &#x446;&#x44C;&#x43E;&#x433;&#x43E; &#x456; &#x414;&#x43E;&#x440;&#x43E;&#x448;&#x435;&#x43D;&#x43A;&#x43E;, &#x456; &#x41C;&#x430;&#x43D;&#x43D;&#x435;&#x440;&#x433;&#x435;&#x439;&#x43C; &#x43A;&#x438;&#x43D;&#x443;&#x43B;&#x438; &#x432;&#x438;&#x43A;&#x43B;&#x438;&#x43A; &#x456;&#x43C;&#x43F;&#x435;&#x440;&#x456;&#x457;, &#x441;&#x430;&#x43C;&#x435; &#x446;&#x44C;&#x43E;&#x43C;&#x443; &#x432;&#x43E;&#x43D;&#x438; &#x43F;&#x440;&#x438;&#x441;&#x432;&#x44F;&#x442;&#x438;&#x43B;&#x438; &#x441;&#x432;&#x43E;&#x454; &#x436;&#x438;&#x442;&#x442;&#x44F;...</subfield>
  </datafield>
  <datafield tag="521" ind1=" " ind2=" ">
    <subfield code="a">&#x414;&#x43B;&#x44F; &#x448;&#x438;&#x440;&#x43E;&#x43A;&#x43E;&#x433;&#x43E; &#x43A;&#x43E;&#x43B;&#x430; &#x447;&#x438;&#x442;&#x430;&#x447;&#x456;&#x432;</subfield>
  </datafield>
  <datafield tag="546" ind1=" " ind2=" ">
    <subfield code="a">&#x443;&#x43A;&#x440;.</subfield>
  </datafield>
  <datafield tag="650" ind1=" " ind2=" ">
    <subfield code="a">&#x41B;&#x456;&#x442;&#x435;&#x440;&#x430;&#x442;&#x443;&#x440;&#x43D;&#x43E;-&#x445;&#x443;&#x434;&#x43E;&#x436;&#x43D;&#x454; &#x432;&#x438;&#x434;&#x430;&#x43D;&#x43D;&#x44F;</subfield>
  </datafield>
  <datafield tag="653" ind1=" " ind2=" ">
    <subfield code="a">&#x406;&#x441;&#x442;&#x43E;&#x440;&#x438;&#x447;&#x43D;&#x456; &#x43F;&#x43E;&#x441;&#x442;&#x430;&#x442;&#x456;</subfield>
    <subfield code="a">&#x41D;&#x430;&#x446;&#x456;&#x43E;&#x43D;&#x430;&#x43B;&#x44C;&#x43D;&#x438;&#x439; &#x433;&#x435;&#x440;&#x43E;&#x439;</subfield>
  </datafield>
  <datafield tag="655" ind1=" " ind2=" ">
    <subfield code="a">&#x421;&#x443;&#x447;&#x430;&#x441;&#x43D;&#x430; &#x43F;&#x440;&#x43E;&#x437;&#x430;</subfield>
    <subfield code="v">&#x406;&#x441;&#x442;&#x43E;&#x440;&#x438;&#x447;&#x43D;&#x438;&#x439; &#x440;&#x43E;&#x43C;&#x430;&#x43D;</subfield>
  </datafield>
  <datafield tag="942" ind1=" " ind2=" ">
    <subfield code="2">udc</subfield>
    <subfield code="c">BK</subfield>
  </datafield>
  <datafield tag="999" ind1=" " ind2=" ">
    <subfield code="c">17667</subfield>
    <subfield code="d">17667</subfield>
  </datafield>
  <datafield tag="952" ind1=" " ind2=" ">
    <subfield code="0">0</subfield>
    <subfield code="1">0</subfield>
    <subfield code="2">udc</subfield>
    <subfield code="4">0</subfield>
    <subfield code="7">0</subfield>
    <subfield code="a">F5</subfield>
    <subfield code="b">F5</subfield>
    <subfield code="c">ABP</subfield>
    <subfield code="d">2026-05-07</subfield>
    <subfield code="i">63661</subfield>
    <subfield code="l">0</subfield>
    <subfield code="o">821(477)</subfield>
    <subfield code="p">4243</subfield>
    <subfield code="r">2026-05-07</subfield>
    <subfield code="w">2026-05-07</subfield>
    <subfield code="y">BK</subfield>
  </datafield>
</record>
